000 00590nam a2200205Ia 4500
005 20250923150008.0
008 008 250917s9999 xx 000 0 eng d
037 _aTextual
040 _aDSWL
_beng
_cDSWL
041 _aeng
_2eng
084 _aYX:f, N98
_qDSWL
100 _aYORK, Reginold
_9841098
245 0 _aConducting Social work Research : An experimental approach
_c by Reginold YORK
260 _aBoston
_bAllyn & Bacon USA
_c1998
300 _axiii,398 p.
365 _aINR
_b1848
925 _g1848
942 _cTEXL
_hYX:f, N98
999 _c1458279
_d1458279